书目信息 |
| 题名: |
全球化视域下社会主义的理论与实践
|
|
| 作者: | 陈海燕 , 李伟 编著 | |
| 分册: | ||
| 出版信息: | 济南 山东大学出版社 2007.04 |
|
| 页数: | 452页 | |
| 开本: | 21cm | |
| 丛书名: | ||
| 单 册: | ||
| 中图分类: | D033.4 | |
| 科图分类: | ||
| 主题词: | 社会主义--she hui zhu yi--理论研究 | |
| 电子资源: | ||
| ISBN: | 978-7-5607-3348-7 | |
| 000 | 00938nam0 2200265 450 | |
| 001 | 012008457798 | |
| 005 | 20080626114816.90 | |
| 010 | @a978-7-5607-3348-7@dCNY29.00 | |
| 100 | @a20080626d2007 em y0chiy0120 ea | |
| 101 | 0 | @achi |
| 102 | @aCN@b370000 | |
| 105 | @ay a 000yy | |
| 106 | @ar | |
| 200 | 1 | @a全球化视域下社会主义的理论与实践@Aquan qiu hua shi yu xia she hui zhu yi de li lun yu shi jian@f陈海燕, 李伟编著@Fchen hai yan,li wei bian zhu |
| 210 | @a济南@c山东大学出版社@d2007.04 | |
| 215 | @a452页@d21cm | |
| 300 | @a山东省社科规划重点研究项目 | |
| 320 | @a有书目 (第445-452页) | |
| 330 | @a本书内容包括:全球化:洞悉社会主义理论与实践的研究视域,全球化进程开启:社会主义由空想到科学的发展等。 | |
| 606 | 0 | @a社会主义@Ashe hui zhu yi@x理论研究 |
| 690 | @aD033.4@v4 | |
| 701 | 0 | @a陈海燕@Achen hai yan@4编著 |
| 701 | 0 | @a李伟@Ali wei@4编著 |
| 801 | 0 | @aCN@bQSSK@c20080626 |
| 905 | @b729314-16@dD033.4@eC438@f3 | |
| 全球化视域下社会主义的理论与实践/陈海燕, 李伟编著.-济南:山东大学出版社,2007.04 |
| 452页;21cm |
| 山东省社科规划重点研究项目 |
| ISBN 978-7-5607-3348-7:CNY29.00 |
| 本书内容包括:全球化:洞悉社会主义理论与实践的研究视域,全球化进程开启:社会主义由空想到科学的发展等。 |
| ● |
| 相关链接 |
|
|
|
正题名:全球化视域下社会主义的理论与实践
索取号:D033.4/C438
 
预约/预借
| 序号 | 登录号 | 条形码 | 馆藏地/架位号 | 状态 | 备注 |
| 1 | 729314 | 207293141 | 社科库509/509社科库 67排6列6层/ [索取号:D033.4/C438] | 在馆 | |
| 2 | 729315 | 207293150 | 社科库509/509社科库 67排6列6层/ [索取号:D033.4/C438] | 在馆 | |
| 3 | 729316 | 207293169 | 社科库509/509社科库 67排6列6层/ [索取号:D033.4/C438] | 在馆 |